Animals by Letter - C🍪 - Statistics

General Stats
  • This quiz has been taken 145 times
  • The average score is 10 of 16
Answer Stats
Picture Answer % Correct
Cat
95%
Cheetah
94%
Crocodile
94%
Chimpanzee
89%
Chicken
88%
Crab
84%
Chameleon
79%
Coyote
71%
Cougar
70%
Cockatoo
61%
Cardinal
48%
Cattle
42%
Caracal
24%
Clouded Leopard
16%
California Condor
11%
Crowned Crane
8%
No matching quizzes found
Score Distribution
Percent of People with Each Score
Percentile by Number Answered
Your Score History
You have not taken this quiz